La vida en la Roma antigua (Registro nro. 7309)
[ vista simple ]
| 000 -CABECERA | |
|---|---|
| Longitud fija campo de control | 00966nam a2200289Ia 4500 |
| 005 - • FECHA Y HORA DE LA ÚLTIMA TRANSACCIÓN | |
| Fecha y hora de la última transacción | 20220317001537.0 |
| 008 - • CÓDIGOS DE INFORMACIÓN DE LONGITUD FIJA | |
| Códigos de información de longitud fija | 161108s2011 sp g 000 0 spa |
| 020 ## - • NÚMERO INTERNACIONAL NORMALIZADO PARA LIBROS | |
| Número Internacional Normalizado para Libros (ISBN) | 9788449325175 |
| 082 04 - • NÚMERO DE LA CLASIFICACIÓN DECIMAL DEWEY | |
| Número de clasificación (R) | 937.06 |
| Número del ítem | G73v |
| 040 ## - FUENTE DE LA CATALOGACIÓN | |
| Centro catalogador de origen | CO-BoRNBP |
| Lengua de catalogación | spa |
| Normas de descripción | rda |
| Centro transcriptor | CO-BoRNBP |
| 100 1# - • PUNTO DE ACCESO PRINCIPAL-NOMBRE DE PERSONA | |
| Nombre de persona | Grimal, Pierre |
| Fechas asociadas al nombre | 1912- |
| 245 13 - • TITULO PROPIAMENTE DICHO | |
| Título | La vida en la Roma antigua |
| Mención de responsabilidad, etc. | Pierre Grimal ; traducción de Sandra Schiumerini y Fernando Schiumerini |
| 250 ## - • MENCIÓN DE EDICIÓN | |
| Mención de edición | Primera edición |
| 264 #1 - PRODUCCIÓN, PUBLICACIÓN , DISTRIBUCIÓN, FABRICACIÓN Y COPYRIGHT | |
| Lugar de producción, publicación, distribución, fabricación | Barcelona |
| Nombre del productor, editor, distribuidor, fabricante | Paidós |
| Fecha de de producción, publicación, distribución, fabricación o copyright | 2011 |
| 300 ## - • DESCRIPCIÓN FÍSICA | |
| Extensión | 133 páginas |
| Dimensiones | 25 cm. |
| 336 ## - TIPO DE CONTENIDO | |
| Término de tipo de contenido | texto |
| Código de tipo de contenido | txt |
| Fuente | rdacontent |
| 337 ## - TIPO DE MEDIO | |
| Nombre del tipo de medio | sin mediación |
| Código del tipo de medio | n |
| Fuente | rdamedia |
| 338 ## - TIPO DE SOPORTE | |
| Nombre del tipo de soporte | volumen |
| Código del tipo de soporte | nc |
| Fuente | rdacarrier |
| 490 ## - • MENCIÓN DE SERIE | |
| Mención de serie | Orígenes |
| 650 14 - • PUNTO DE ACCESO ADICIONAL DE MATERIA - TÉRMINO DE MATERIA | |
| Fuente del encabezamiento o término | LEMB |
| Término de materia o nombre geográfico como elemento inicial | Emperadores romanos |
| 651 #4 - • PUNTO DE ACCESO ADICIONAL DE MATERIA - NOMBRE GEOGRÁFICO | |
| Nombre geográfico | Roma |
| Subdivisión de materia general | Vida social y costumbres |
| 651 #4 - • PUNTO DE ACCESO ADICIONAL DE MATERIA - NOMBRE GEOGRÁFICO | |
| Nombre geográfico | Roma |
| Subdivisión de materia general | Civilización |
| 651 #4 - • PUNTO DE ACCESO ADICIONAL DE MATERIA - NOMBRE GEOGRÁFICO | |
| Nombre geográfico | Roma |
| Subdivisión de materia general | Historia |
| 700 1# - • PUNTO DE ACCESO ADICIONAL - NOMBRE DE PERSONA | |
| Nombre de persona | Schiumerini, Sandra |
| Término indicativo de función | traductora |
| 700 1# - • PUNTO DE ACCESO ADICIONAL - NOMBRE DE PERSONA | |
| Nombre de persona | Schiumerini, Fernando |
| Término indicativo de función | traductor |
| 942 ## - ENTRADA DE ELEMENTOS AGREGADOS (KOHA) | |
| Fuente de clasificaión o esquema | Dewey Decimal Classification |
| Koha [por defecto] tipo de item | LIbro |
| Perdido | Fuente de clasificación o esquema | Estado Físico | No para préstamo | Forma de adquisición | Localización permanente | Localización actual | Localización en estanterías | Fecha adquisición | Préstamos totales | Signatura completa | Código de barras | Fecha última consulta | Número de copia | Fecha del precio de reemplazo | Tipo de item de Koha |
|---|---|---|---|---|---|---|---|---|---|---|---|---|---|---|---|
| Dewey Decimal Classification | Colección General | Biblioteca Pública Medellin del Ariari - El Castillo | Biblioteca Pública Medellin del Ariari - El Castillo | General | 11/09/2024 | 937.06 G73v | BM0001756 | 11/09/2024 | Ej.1 | 11/09/2024 | LIbro |